| 000 | 01046nam a22003497a 4500 | ||
|---|---|---|---|
| 003 | CHAP | ||
| 005 | 20220329134925.0 | ||
| 008 | 971013s1938 r 00010 d | ||
| 010 | _a28124 | ||
| 011 | _a29096 | ||
| 035 | _a33207 | ||
| 040 | _cCHAP | ||
| 082 |
_a972.6 _bL3r |
||
| 100 | 0 | 0 |
_aLanda, Diego de. _964658 |
| 245 | _aRelación de las cosas de Yucatán | ||
| 250 | _a7 ed. | ||
| 260 |
_aMéxico : _bRobredo, _c1938 |
||
| 300 |
_a411 p. _b: ilus. |
||
| 590 |
_aBATCH-UPD _b10 _c20130109 _lUCH01 _h2354 |
||
| 590 |
_aBATCH-UPD _b10 _c20130110 _lUCH01 _h1052 |
||
| 590 |
_aBATCH-UPD _b10 _c20130410 _lUCH01 _h0648 |
||
| 590 |
_aBATCH-UPD _b10 _c20130914 _lUCH01 _h0817 |
||
| 590 |
_aCONVERSION _b10 _c20130109 _lUCH01 _h1316 |
||
| 650 | 1 | 4 |
_aCalendario maya. _917462 |
| 650 | 1 | 4 |
_aIndios de Yucatán. _957667 |
| 650 | 1 | 4 |
_aMayas. _973209 |
| 650 | 1 | 4 |
_aYucatán _xHistoria. _9123324 |
| 700 | 0 |
_aPérez Martínez, Héctor. _989831 |
|
| 901 | _aBK | ||
| 942 | _cLIBRO | ||
| 949 |
_a972.6 L3r _bBC _cLIBRO _d33724000138533 _eLIBRO _h25902 _i33207 _si |
||
| 999 |
_c28124 _d28124 |
||